El Desarme: los pueblos y las Naciones Unidas . La opinión pública y la II S.E.D.

Furkejuvvon:
Bibliográfalaš dieđut
Searvvušdahkki: Consejo Mundial de la Paz
Materiálatiipa: Texto
Almmustuhtton: Helsinki: Centro de Información del CMP
Fáttát:
Fáddágilkorat: Lasit fáddágilkoriid
Eai fáddágilkorat, Lasit vuosttaš fáddágilkora!

MARC

LEADER 00000 a a2200000 04500
001 14542
003
040
090 |a 014500  
110 |a Consejo Mundial de la Paz  
245 |a El Desarme: los pueblos y las Naciones Unidas . La opinión pública y la II S.E.D.  
260 |a Helsinki:   |b Centro de Información del CMP  
300 |a 28 p.  
650 |a DESARME  
999 |c 15754  |d 15754